[Event "Challenge"]
[Site "http://www.queenalice.com/game.php?id=762624"]
[Date "2010.4.17"]
[Round "-"]
[White "AliceCullem"]
[Black "eddval"]
[Result "1/2-1/2"]
[WhiteElo "1811"]
[BlackElo "1961"]

1. d4 Nf6 2. c4 e6 3. g3 Bb4+ 4. Bd2 Qe7 5. Bg2 O-O 6. Nf3 Ne4 7. O-O Bxd2 8.
Nbxd2 f5 9. Ne5 d6 10. Nd3 d5 11. cxd5 exd5 12. e3 c6 13. Ne5 Nd7 14. Ndf3 g5
15. Nxd7 Bxd7 16. Ne5 Nf6 17. Qb3 Be6 18. Rac1 Kg7 19. f4 g4 20. Kf2 h5 21. Rc5
h4 22. Rfc1 h3 23. Bh1 Rfe8 24. a4 Nd7 25. R5c3 Nxe5 26. fxe5 Kg6 27. Qd1 Rab8
28. Rc5 Rf8 29. b4 a6 30. Qd2 Bd7 31. R5c2 Ra8 32. Ke2 Rfc8 33. Kd3 f4 34. gxf4
Bf5+ 35. e4 dxe4+ 36. Bxe4 Bxe4+ 37. Kxe4 Qf7 38. Qd3 Qf5+ 39. Ke3 Rd8 40. Rg1
Qxd3+ 41. Kxd3 Kf5 42. Ke3 Rd7 43. a5 Rad8 44. Rc4 Rg8 45. Rg3 Rgd8 46. Rg1 Rg8
47. Rg3 Rgd8 48. Rg1 Rg8 1/2-1/2

[Event "Challenge"]
[Site "http://www.queenalice.com/game.php?id=771863"]
[Date "2010.5.6"]
[Round "-"]
[White "eddval"]
[Black "AliceCullem"]
[Result "1-0"]
[WhiteElo "2045"]
[BlackElo "1819"]

1. f4 d5 2. Nf3 Nc6 3. e3 g6 4. d4 Bg7 5. Bd3 Bg4 6. h3 Bxf3 7. Qxf3 Nf6 8. c3
e6 9. Nd2 Qd6 10. e4 dxe4 11. Nxe4 Nxe4 12. Bxe4 Rb8 13. O-O O-O 14. g4 f5 15.
Bxc6 fxg4 16. hxg4 bxc6 17. b4 Qd5 18. Bd2 Rf7 19. Qxd5 cxd5 20. Rae1 Re7 21. f5
gxf5 22. gxf5 Rf8 23. Rxe6 Rxe6 24. fxe6 Rxf1+ 25. Kxf1 Kf8 26. Bf4 c6 27. Bg5
Ke8 28. Kg2 h6 29. Bh4 Bf8 30. Kf3 Be7 31. Bg3 Bg5 32. Bd6 Bd2 33. Kg4 Bxc3 34.
Bc5 Bd2 35. Kh5 a6 36. Kg6 Be3 37. a4 Bg5 38. Kf5 Be7 39. Kg6 Bxc5 40. bxc5 Ke7
41. Kxh6 Kxe6 42. Kg5 a5 43. Kg6 Ke7 44. Kg7 1-0

[Event "AUTO-OPEN-1904"]
[Site "http://www.queenalice.com/game.php?id=788384"]
[Date "2010.6.11"]
[Round "2"]
[White "ciappo"]
[Black "AliceCullem"]
[Result "1-0"]
[WhiteElo "1669"]
[BlackElo "1818"]

1. d4 d5 2. Bf4 Nc6 3. Nf3 Nf6 4. c3 Bf5 5. e3 e6 6. h3 Bd6 7. Bxd6 Qxd6 8. Be2
O-O 9. Nbd2 e5 10. dxe5 Nxe5 11. Nxe5 Qxe5 12. Nf3 Qe7 13. O-O c5 14. Re1 Rfd8
15. Qa4 Ne4 16. Rad1 c4 17. Nd4 Bd7 18. Qc2 Qh4 19. Bf3 f5 20. Qe2 Rf8 21. Qf1
Rf6 22. Ne2 Rg6 23. Nf4 Rg5 24. Rxd5 Bc6 25. Bxe4 fxe4 26. Rxg5 1-0

[Event "AUTO-OPEN-1904"]
[Site "http://www.queenalice.com/game.php?id=788385"]
[Date "2010.6.11"]
[Round "2"]
[White "AliceCullem"]
[Black "ciappo"]
[Result "0-1"]
[WhiteElo "1818"]
[BlackElo "1692"]

1. d4 g6 2. Nf3 Bg7 3. c4 d6 4. h3 Nc6 5. Nc3 e5 6. d5 Nce7 7. e4 f5 8. Bd3 h6
9. Qc2 f4 10. Bd2 Nf6 11. O-O-O O-O 12. Nh4 Kh7 13. Ne2 c6 14. Kb1 cxd5 15. exd5
e4 16. Bxe4 Nxe4 17. Qxe4 Nf5 18. Nxg6 Kxg6 19. Nxf4+ Kh7 20. Ne6 Bxe6 21. dxe6
Kh8 22. g4 Ne7 23. g5 Qb6 24. b3 hxg5 25. Be3 Qa5 26. Bxg5 Qxg5 0-1

[Event "AUTO-OPEN-1904"]
[Site "http://www.queenalice.com/game.php?id=788390"]
[Date "2010.6.11"]
[Round "2"]
[White "AliceCullem"]
[Black "faresjo"]
[Result "1/2-1/2"]
[WhiteElo "1860"]
[BlackElo "2068"]

1. d4 Nf6 2. Nf3 e6 3. c4 Bb4+ 4. Bd2 Qe7 5. a3 Bxd2+ 6. Nbxd2 d5 7. e3 O-O 8.
Rc1 b6 9. Bd3 c5 10. O-O Nbd7 11. Re1 Bb7 12. Nf1 Rfd8 13. cxd5 Nxd5 14. Be4
N7f6 15. Bxd5 Bxd5 16. Ng3 cxd4 17. exd4 Qb7 18. Re3 Ng4 19. Rec3 Rac8 20. Rxc8
Rxc8 21. Rxc8+ Qxc8 22. h3 Nf6 23. Ne5 Qb7 24. f3 a5 25. Qc1 h6 26. Ne2 Nd7 27.
Qc3 Nxe5 28. dxe5 Qc6 29. Kf2 Qxc3 30. Nxc3 Bc4 31. Ke3 Bf1 32. Kf2 Ba6 33. Na4
b5 34. Nc5 Bc8 35. Ke3 Kf8 36. b4 axb4 37. axb4 Ke7 38. g4 f6 1/2-1/2

[Event "AUTO-OPEN-1904"]
[Site "http://www.queenalice.com/game.php?id=788391"]
[Date "2010.6.11"]
[Round "2"]
[White "faresjo"]
[Black "AliceCullem"]
[Result "1-0"]
[WhiteElo "2064"]
[BlackElo "1868"]

1. e4 c6 2. d4 d5 3. Nc3 dxe4 4. Nxe4 Bf5 5. Ng3 e6 6. Nxf5 Qa5+ 7. c3 Qxf5 8.
Bd3 Qd5 9. Nf3 Nf6 10. O-O Be7 11. Re1 O-O 12. Re5 Qd8 13. Qc2 Nbd7 14. Re1 h6
15. Bf4 Qa5 16. Nd2 Nd5 17. Bg3 N7f6 18. Nc4 Qd8 19. Ne5 Rc8 20. b4 b6 21. a3 c5
22. dxc5 bxc5 23. b5 Qb6 24. c4 Nc7 25. a4 a5 26. Nc6 Rfe8 27. Qd2 Ra8 28. f4
Bf8 29. f5 exf5 30. Bxf5 Rxe1+ 31. Rxe1 Nce8 32. Be5 g6 33. Bc2 Kh7 34. Qf4 Bg7
35. h4 Qb7 36. g4 Qd7 37. Bd1 h5 38. gxh5 Nxh5 39. Bxh5 gxh5 40. Qe4+ f5 41. Qf3
Nf6 42. Bxf6 1-0

[Event "AUTO-ADV-1813"]
[Site "http://www.queenalice.com/game.php?id=795712"]
[Date "2010.6.27"]
[Round "1"]
[White "Artking"]
[Black "AliceCullem"]
[Result "1-0"]
[WhiteElo "1911"]
[BlackElo "1805"]

1. d4 c5 2. e3 d5 3. dxc5 Nc6 4. Nf3 e6 5. Nd4 Bxc5 6. Nc3 Nge7 7. Nf3 O-O 8.
Bd3 f5 9. O-O Ng6 10. Ne2 a6 11. c3 e5 12. Bc2 Be6 13. Ng3 Qc7 14. Ng5 Bf7 15.
Nxf5 1-0

[Event "AUTO-ADV-1813"]
[Site "http://www.queenalice.com/game.php?id=795713"]
[Date "2010.6.27"]
[Round "1"]
[White "AliceCullem"]
[Black "Artking"]
[Result "0-1"]
[WhiteElo "1818"]
[BlackElo "1898"]

1. d4 Nf6 2. Nf3 c5 3. dxc5 Qa5+ 4. c3 Qxc5 5. g3 b6 6. Bg2 Bb7 7. O-O Qc7 8.
Bf4 d6 9. Nbd2 g6 10. Rc1 Nbd7 11. Nb3 Bg7 12. Re1 O-O 13. Bg5 Rad8 14. Bxf6
Nxf6 15. Qc2 e5 16. e4 Nh5 0-1

[Event "AUTO-ADV-1813"]
[Site "http://www.queenalice.com/game.php?id=795730"]
[Date "2010.6.27"]
[Round "1"]
[White "Sbilf"]
[Black "AliceCullem"]
[Result "1-0"]
[WhiteElo "1928"]
[BlackElo "1860"]

1. e4 c5 2. c3 Nf6 3. e5 Nd5 4. d4 cxd4 5. Nf3 e6 6. Bc4 Bc5 7. cxd4 Bb4+ 8. Bd2
Bxd2+ 9. Qxd2 O-O 10. Nc3 Nxc3 11. bxc3 b6 12. d5 Ba6 13. Bb3 Qc7 14. O-O-O Bc4
15. Rhe1 Na6 16. Bxc4 Qxc4 17. dxe6 1-0

[Event "AUTO-ADV-1813"]
[Site "http://www.queenalice.com/game.php?id=795731"]
[Date "2010.6.27"]
[Round "1"]
[White "AliceCullem"]
[Black "Sbilf"]
[Result "0-1"]
[WhiteElo "1847"]
[BlackElo "1941"]

1. d4 Nf6 2. Nf3 e6 3. c4 b6 4. e3 Bb7 5. Be2 d5 6. O-O Nbd7 7. b3 Bd6 8. h3 O-O
9. Bb2 h6 10. Nbd2 c5 11. Ne5 cxd4 12. exd4 Rc8 13. Bf3 Re8 14. Re1 Be7 15. Qe2
Nxe5 16. dxe5 Nh7 17. Rad1 Ng5 0-1